Jugadores de River que jugaron un mundial - Estadísticas

Estadísticas generales
  • Esta prueba ha sido intentada 86 veces
    21 desde el último reinicio
  • La puntuación promedio es 13 de 44
Estadísticas de respuestas
Jugadores % Correcto
Franco Armani
100%
Enzo Pérez
81%
Ángel Labruna
69%
Ariel Ortega
69%
Daniel Passarella
69%
Oscar Ruggeri
69%
Ubaldo Fillol
69%
Marcelo Gallardo
63%
Mario Kempes
63%
Alfredo Pérez
56%
Amadeo Carrizo
56%
Nery Pumpido
44%
Sergio Goycochea
44%
Norberto Alonso
38%
Oscar Más
38%
Germán Burgos
31%
Hernán Díaz
31%
Leonardo Astrada
31%
Ángel David Comizzo
25%
Hugo Gatti
25%
Américo Gallego
19%
Claudio Husain
19%
Ermindo Onega
19%
Héctor Enrique
19%
Sergio Batista
19%
Sergio Berti
19%
Jorge Solari
13%
Leopoldo Luque
13%
Alberto Tarantini
6%
Eliseo Prado
6%
Enrique Wolff
6%
Federico Vairo
6%
José Tiburcio Serrizuela
6%
Oscar Ortiz
6%
Vladislao Cap
6%
Alberto Sainz
0%
José Ramos Delgado
0%
Juan Carlos Sarnari
0%
Julio Olarticoechea
0%
Marcelo Pagani
0%
Martín Pando
0%
Néstor Rossi
0%
Norberto Menéndez
0%
Rogelio Domínguez
0%
No se encontraron pruebas coincidentes
Distribución de puntuación
Porcentaje de gente con cada puntuación
Porcentaje por número respondido
Historial de tus puntuaciones
No has intentado esta prueba desde el último reinicio